|
|
|
|
| LEADER |
00934cam a2200265 7i4500 |
| 001 |
0000029800 |
| 005 |
20210106090000.0 |
| 008 |
091117 eng |
| 020 |
|
|
|a 9781556427824
|
| 020 |
|
|
|a 978155427824 (pbk.)
|
| 040 |
|
|
|a DLC
|
| 090 |
0 |
0 |
|a RM705
|b .E76 2008
|
| 100 |
1 |
|
|a Erickson, Mia
|
| 245 |
1 |
0 |
|a Physical therapy documentation :
|b from examination to outcome
|c Mia Erickson, Rebecca McKnight, Ralph Utzman.
|
| 260 |
|
|
|a Thorofare, N.J.:
|b SLACK Inc.,
|c 2008.
|
| 300 |
|
|
|a 209 p.:
|b ill.;
|c 28 cm.
|
| 504 |
|
|
|a Includes bibliographical references and index
|
| 650 |
0 |
0 |
|a Medical records
|
| 650 |
0 |
0 |
|a Physical therapy --
|x Documentation
|
| 700 |
1 |
|
|a McKnight, Rebecca
|
| 700 |
1 |
|
|a Utzman, Ralph
|
| 997 |
|
|
|a Health Sciences, Faculty
|
| 998 |
|
|
|a Physiotherapy, Diploma
|
| 999 |
|
|
|a 0000039687
|b BOK
|c OPEN SHELF
|e 1st Floor, Shah Alam
|
| 999 |
|
|
|a 0000046933
|b BOK
|c OPEN SHELF
|e 1st Floor, Shah Alam
|